| 000 | 00463nam a2200145Ia 4500 | ||
|---|---|---|---|
| 008 | 211204s9999||||xx |||||||||||||| ||und|| | ||
| 020 | _a8186976434 | ||
| 082 |
_a341.65 _bICR/C |
||
| 100 | _aICRC | ||
| 245 | 0 | _aCODE OF CONDUCT:FOR THE INTERNATIONAL RED CROSS AND RED CRESCENT MOVEMENT AND NON GOVERMENTAL (NGOs) IN DISASTER RELIEF | |
| 250 | _a1st Edition | ||
| 260 |
_aNEW DELHI _bINTERNATIONAL COMMITTEE OF THE RED CROSS _c2021 |
||
| 300 | _a15p | ||
| 942 | _cBK | ||
| 999 |
_c33682 _d33682 |
||